| 000 | 00592nam a2200217Ia 4500 | ||
|---|---|---|---|
| 008 | 180523s9999 xx 000 0 und d | ||
| 020 | _a81-7992-263-4 | ||
| 050 | _aMAIN HF 5549.5 | ||
| 050 | _b.E43A53 2004 | ||
| 100 | _aAnaloui, Farhad. | ||
| 245 | 0 | _aCorporate sabotage : | |
| 245 | 0 | _bhow to recognise & manage corporate sabotage / | |
| 245 | 0 | _cFarhad Analoui, Andrew Kakabadsa. | |
| 260 | _aNew Delhi : | ||
| 260 | _bJaico Publishing, | ||
| 260 | _c2004 | ||
| 300 | _a174 pages : | ||
| 300 | _c22 cm. | ||
| 500 | _aIncludes index. | ||
| 650 | _aSabotage in the workplace. | ||
| 999 |
_c357166 _d357166 |
||